00446cam a22001337a 4500008004000000020001800040082001500058100004000073245007800113260002800191300001000219650004500229650003800274180718b2018 xxu||||| |||| 00| 0 eng d a9780199485253 aDx59 H212a aMahbubani, Kishore and Sng, Jeffery aASEAN miracle : acatalyst for peacecby Kishore Mahbubani and Jeffery Sng aNew DelhibOxfordc2018 a264p. aRural development -- India -- Congresses aRural poor -- India -- Congresses